Szczegóły MARC21

Organizacja i funkcjonowanie oddziału banku na przykładzie Oddziału Centrum PKO BP SA we Włocławku /

005 -DATA I CZAS OSTATNIEJ MODYFIKACJI [,]
    • @
    • pole kontrolne
    • 20070315155141.9
020 -Międzynarod. znormalizowany nr książki - ISBN [ , ]
    • a
    • Numer ISBN
    • 8388500457 Find
040 -Instytucja sporządzająca opis [ , ]
    • a
    • Instytucja, która sporządziła opis (NP)
    • SZCZ U
    • c
    • Instytucja, która sporządziła rekord (NP)
    • SZCZ U
041 -Język dokumentu [0, ]
    • a
    • Język tekstu (P)
    • polski
    • h
    • Język tekstu oryginalnego i/lub pośredniego (P)
    • polski
942 -Rodzaj dokumentu [ , ]
    • c
    • Rodzaj dokumentu
    • Książka
100 -Hasło główne - nazwa osobowa [ , ]
    • a
    • Nazwa osobowa (NP)
    • Stefański, Marek
    • d
    • Daty biograficzne (NP)
    • (ekonomia)
    • 9
    • KHW
    • 404152
    • c
    • Dopowiedzenie inne niż daty biograficzne (P)
    • (ekonomia).
245 -Strefa tytułu i oznaczenia odpowiedzialności [1, ]
    • a
    • Tytuł
    • Organizacja i funkcjonowanie oddziału banku na przykładzie Oddziału Centrum PKO BP SA we Włocławku / Find
    • c
    • Pozostałe elementy strefy tytułu i oznaczenia odpowiedzialności (NP)
    • Marek Stefański ; Wyższa Szkoła Humanistyczno -Ekonomiczna we Włocławku.
260 -Strefa adresu wydawniczego [ , ]
    • a
    • Miejsce wydania (P)
    • Włocławek :
    • b
    • Nazwa wydawcy (P)
    • WSH-E
    • c
    • Data wydania (P)
    • 2003.
300 -Strefa opisu fizycznego [ , ]
    • a
    • Określenie formy książki i/lub objętość (NP)
    • 307 s. :
    • b
    • Oznaczenie ilustracji (NP)
    • il. :
    • c
    • Format (NP)
    • 23 cm.
500 -Uwaga ogólna [ , ]
    • a
    • Uwaga ogólna (NP)
    • Bibliogr.Summ
080 -Uniwersalna Klasyfikacja Dziesiętna [ , ]
    • a
    • Symbol klasyfikacji
    • 336.71(438)"1944/..."
980 -Symbol UKD [ , ]
    • a
    • UKD
    • 336.71(438)"1944/..."
920 -ISBN [ , ]
    • a
    • ISBN
    • 83-88500-45-7 Find
Lokalizacja Data inwentaryzacji Sygnatura Numer inwentarzowy Status udost.
GW2016-02-16336GW.5743-2
T2005-06-29T.8688T.8688-2